Conocimiento didáctico del contenido sobre el principio de Arquímedes en un programa de formación de profesores de física en Colombia (Record no. 206864)
[ view plain ]
| 000 -CABECERA | |
|---|---|
| campo de control de longitud fija | 01990cab a2200301 ab4500 |
| 005 - FECHA Y HORA DE LA ÚLTIMA TRANSACCIÓN | |
| campo de control | 20260307211116.0 |
| 008 - ELEMENTOS DE LONGITUD FIJA--INFORMACIÓN GENERAL | |
| campo de control de longitud fija | 991125c2018 mx tr p o 000 0 spa d |
| 035 ## - NÚMERO DE CONTROL DEL SISTEMA | |
| Número de control de sistema | UPN01000234769 |
| 040 ## - FUENTE DE LA CATALOGACIÓN | |
| Centro catalogador/agencia de origen | MX-MxUPN |
| Lengua de catalogación | spa |
| Centro/agencia transcriptor | MX-MxUPN |
| Normas de descripción | aacr2 |
| 049 ## - COLECCIÓN | |
| Colección | ART-E |
| 003 - IDENTIFICADOR DEL NÚMERO DE CONTROL | |
| campo de control | |
| 100 1# - ASIENTO PRINCIPAL--NOMBRE PERSONAL | |
| Nombre de persona | Melo, Lina |
| 100 1# - ASIENTO PRINCIPAL--NOMBRE PERSONAL | |
| Nombre de persona | Cardona, Giovanni |
| 100 1# - ASIENTO PRINCIPAL--NOMBRE PERSONAL | |
| Nombre de persona | Cañada, Florentina |
| 100 1# - ASIENTO PRINCIPAL--NOMBRE PERSONAL | |
| Nombre de persona | Martínez, Guadalupe |
| 245 10 - MENCIÓN DE TÍTULO | |
| Título | Conocimiento didáctico del contenido sobre el principio de Arquímedes en un programa de formación de profesores de física en Colombia |
| Medio | [recurso electrónico en línea] |
| 506 0# - NOTA DE RESTRICCIONES AL ACCESO | |
| Limitaciones de acceso | Acceso abierto |
| 520 3# - NOTA DE RESUMEN, ETC. | |
| Sumario, etc. | Este estudio muestra la caracterización del conocimiento didáctico del contenido (CDC) sobre el principio de Arquímedes en el contexto de la flotación. La muestra se constituyó por 21 profesores en formación de Física al finalizar la asignatura de Mecánica de fluidos. Como instrumento de medida se utilizó la matriz de representación del contenido (ReCo) para capturar el CDC. Los resultados indican un bajo conocimiento del contenido, la mayoría considera que el empuje depende de la posición del objeto sumergido. Por otro lado, 57% de los futuros profesores de Física optan por un CDC cercano a una tendencia intermedia hacia la enseñanza, 24% describe uno ecléctico y 19% uno centrado en una tendencia tradicional. Finalmente, los modelos del CDC están relacionados con el grado de importancia y confianza que los futuros profesores perciben sobre sus propios conocimientos para la enseñanza del principio de Arquímedes. RMIE |
| 653 0# - TERMINO DE INDIZACION - NO CONTROLADO | |
| Término no controlado | Formación docente |
| 653 0# - TERMINO DE INDIZACION - NO CONTROLADO | |
| Término no controlado | Enseñanza de la física |
| 653 0# - TERMINO DE INDIZACION - NO CONTROLADO | |
| Término no controlado | Estrategia de enseñanza |
| 653 0# - TERMINO DE INDIZACION - NO CONTROLADO | |
| Término no controlado | Estilos de aprendizaje |
| 773 ## - ENLACE AL DOCUMENTO FUENTE/ENTRADA DE REGISTRO ANFITRIÓN | |
| Parte(s) relacionada(s) | Vol. 23, no. 76, (2018), p. 253-279 |
| Título | Revista mexicana de investigación educativa |
| Número Internacional Normalizado para Publicaciones Seriadas | 1405-6666 |
| 856 4# - LOCALIZACIÓN Y ACCESO ELECTRÓNICOS | |
| Identificador Uniforme del Recurso | <a href="https://ojs.rmie.mx/index.php/rmie/article/view/353">https://ojs.rmie.mx/index.php/rmie/article/view/353</a> |
| 902 ## - ELEMENTOS DE DATOS B LOCAL, LDB (RLIN) | |
| Creó | Lorena Izquierdo/300625 |
| 905 ## - TIPO DE MATERIAL | |
| Tipo de material | Articulo |
| 942 ## - ELEMENTOS DE PUNTO DE ACCESO ADICIONAL (KOHA) | |
| Tipo de ítem Koha | Artículo Electrónico |
| Estado de retiro | Estado de pérdida | Estado dañado | No para préstamo | Código de colección | Localización permanente | Ubicación/localización actual | Ubicación en estantería | Fecha de adquisición | Total de préstamos | Fecha visto por última vez | Identificador Uniforme del Recurso | Precio válido a partir de | Tipo de ítem Koha |
|---|---|---|---|---|---|---|---|---|---|---|---|---|---|
| Acceso abierto | Bib. Gregorio Torres Quintero | Bib. Gregorio Torres Quintero | En línea | 30/06/2025 | 30/06/2025 | https://ojs.rmie.mx/index.php/rmie/article/view/353 | 30/06/2025 | Artículo Electrónico |
